00433nam a2200181Ia 4500003000900000008004100009040001300050040001300063041000800076100002100084100000900105245008500114250001100199260001400210260000900224300001200233490000600245IT-RoPAU120407s9999 xx 000 0 und d aIT-RoPAU cIT-RoPAU aita aRaffaele Coppola ccur. aAtti del convegno nazionale di studio sul nuovo accordo tra Italia e Santa Sede. aMilano aGiuffrè c1987 c24.5 cm v1